000
00217nam a22000857a 4500
008
170104b xxu||||| |||| 00| 0 eng d
100
_9
2258
_a
Gupta.S
245
_a
Building Bridges Volues-1
260
_a
New delhi
_b
G.R.B
_c
2012
999
_c
5145
_d
5145